| 000 | 00826nam0a22002411 4500 | ||
|---|---|---|---|
| 001 | rc\3907956 | ||
| 005 | 20250610124953.0 | ||
| 035 | _a(NLR Aleph) 007908905 | ||
| 090 |
_a8085028 _c8085028 |
||
| 100 | _a20130415d1956 |||y0rusy50 ca | ||
| 101 | 0 | _arus | |
| 102 | _aRU | ||
| 105 | _aa z ||||| | ||
| 200 | 1 |
_aУстановка для дозировочного разлива жидкостей _eИнформ. листок _fСовет промысл. кооперации РСФСР. Роспромсовет. Техн. упр. |
|
| 210 |
_aМосква _cКОИЗ _d1956 |
||
| 215 |
_a4 с. _cчерт. _d22 |
||
| 300 | _aАвт. указан в конце текста | ||
| 700 | 1 |
_aАноп _bИ. |
|
| 801 | 0 |
_aRU _bNLR _gpsbo |
|
| 801 | 1 |
_aRU _bELAR _2rusmarc |
|
| 852 |
_aNLR _jТ44 Г-6/1241 |
||
| 942 | _cBOOK | ||
| 980 | _aNB | ||